000 01206cab a2200277 4500
001 ABS57976
008 090401t1997 xxu||||| |||| 00| 0 eng d
035 _a(Sirsi) u81965
041 _aeng
245 _aEdney v Hertsmere BC
260 _c1997
350 _a0
490 _aRating & Valuation Reporter
_v(1997) 37(10) RVR 251-256(6)
520 _aLT 18 October 1996. Compensation sought by Edney under Town and Country Planning Act 1990 s186 and s107, following direction issued under Town and Country Planning Act General Development Order 1988 article 4. Revoked planning permission, where car boot sales had been held. Direction made but not confirmed. Enforcement and stop notices served, then withdrawn by Hertsmere BC. Held, compensation payable by H to E.
650 _aARTICLE 4 DIRECTION
650 _aCAR BOOT SALES
650 _aCOMPENSATION
650 _aEDNEY V HERTSMERE BC
650 _aENFORCEMENT NOTICE
650 _aLOCAL GOVERNMENT MISCELLANEOUS PROVISIONS ACT 1982 S37
650 _aTOWN & COUNTRY PLANNING ACT 1990 S107
650 _aTOWN & COUNTRY PLANNING ACT 1990 S186
690 _aPLANNING LAW AND PRACTICE-CASE LAW
942 _n0
948 _c10/11/1997
999 _c51687
_d51687